Financial and management accounting (Record no. 27554)

MARC details
000 -LEADER
fixed length control field 00498nam a2200181Ia 4500
008 - FIXED-LENGTH DATA ELEMENTS--GENERAL INFORMATION
fixed length control field 230917s9999||||xx |||||||||||||| ||und||
020 ## - ISBN
Price RS695
040 ## - CATALOGING SOURCE
-- 249047
Original cataloging agency VIVEKANANDA LIBRARY
041 ## - Language
-- English
082 ## - DDC NUMBER
Classification number 657.48 T958F(2)
100 ## - MAIN ENTRY--PERSONAL NAME
Personal name Tyagi, C L
245 #0 - TITLE STATEMENT
Title Financial and management accounting
250 ## - EDITION STATEMENT
Edition statement 2nd ed.
260 ## - PUBLICATION, DISTRIBUTION, ETC. (IMPRINT)
Place of publication, distribution, etc New Delhi
Name of publisher, distributor, etc Atcantic Publishers
Date of publication, distribution, etc 2017
300 ## - PHYSICAL DESCRIPTION
Pages vi, 570 p.
500 ## - GENERAL NOTE
General note 3201 26/07/2018 APD18/1080231 01/08/2018 IMSAR (Dev. & Research)
942 ## - ADDED ENTRY ELEMENTS (KOHA)
Koha item type Books
Holdings
Withdrawn status Lost status Damaged status Not for loan Location (home branch) Sublocation or collection (holding branch) Shelving location Date acquired Koha issues (times borrowed) Koha full call number Accession No. Koha date last seen Koha item type
        VIVEKANANDA LIBRARY VIVEKANANDA LIBRARY IMSAR Library 07/09/2018 3 657.48 T958F(2) 374504 11/11/2024 Books
        VIVEKANANDA LIBRARY VIVEKANANDA LIBRARY IMSAR Library 07/09/2018 2 657.48 T958F(2) 374505 17/11/2023 Books
        VIVEKANANDA LIBRARY VIVEKANANDA LIBRARY IMSAR Library 07/09/2018 1 657.48 T958F(2) 374506 07/05/2024 Books
© Designed and Maintained by Vivekananda Library, MDU Rohtak